| 000 | 00831nam a2200217 a 4500 | ||
|---|---|---|---|
| 003 | 0 | ||
| 005 | 20250307114838.0 | ||
| 008 | 090728s19uu xx 00 eng d | ||
| 050 |
_aPHS LC 143 _b.L191 2009 |
||
| 100 | _aLajada, Airon Fredric D. | ||
| 245 |
_aGender and desired income of private and public high school graduating students / _cAiron Fredric D. Lajada. |
||
| 260 |
_aLas PiƱas City, Philippines : _bSouthville International School and Colleges, _c2009. |
||
| 300 |
_a32 pages : _billustrations ; _c28 cm. |
||
| 504 | _aIncludes bibliographical references. | ||
| 650 |
_aGender identity _xEconomic aspects. |
||
| 650 |
_aHigh school graduates _xEconomic conditions. |
||
| 650 |
_aIncome _xSocial aspects. |
||
| 650 |
_aCareer choice _xHigh school students. |
||
| 650 |
_aWages _xSex differences. |
||
| 942 |
_2lcc _cPASS |
||
| 999 |
_c98305 _d98305 |
||